000 00460nam a2200169Ia 4500
008 230524s9999 xx 000 0 und d
082 _a338.04
_bMEL
100 _aKamel Mellahi
245 0 _aGlobal Strategic Management (International Student Edition)
250 _aIST
260 _aNEW DELHI
_bOxford
_c2007
300 _aXIV;389
500 _aQuantity Number: 2
650 _aManagement
700 _a" J.George Frynas , Paul Finlay,,,"
942 _cBK
999 _c46641
_d46641